| 000 | 01494cam a22003495i 4500 | ||
|---|---|---|---|
| 001 | 21969271 | ||
| 005 | 20250328111359.0 | ||
| 008 | 210402s2021 cau 000 0 eng | ||
| 010 | _a 2021936488 | ||
| 020 | _a9781529701975 | ||
| 020 | _a9781529701982 | ||
| 020 | _z9781529765908 | ||
| 020 | _z9781529765076 | ||
| 020 | _z9781529766738 | ||
| 041 | _aeng | ||
| 042 | _apcc | ||
| 082 | _a300.72 MAY | ||
| 100 | 1 | _aMayring, Philipp | |
| 245 | 1 | 0 | _aQualitative Content Analysis : A Step By Step Guide |
| 260 |
_aLondon _bSage Publication _c2022 |
||
| 263 | _a2111 | ||
| 264 | 1 |
_aThousand Oaks : _bSAGE Publications, _c2021. |
|
| 300 | _a222;. pages: 24 cm | ||
| 336 |
_atext _btxt _2rdacontent |
||
| 337 |
_aunmediated _bn _2rdamedia |
||
| 338 |
_avolume _bnc _2rdacarrier |
||
| 520 | _a"In eight clear-cut steps, this book provides a systematic introduction to qualitative content analysis and how you can use it in each stage of your research project, no matter the type or amount of data. To support you in choosing the best approach for your research, this book includes: Examples of how QCA can be applied to different research processes; Discussions of how to use QCA software and why it can benefit your research; An online how-to manual to help you get the most out of QCA map software"-- | ||
| 650 | _aSocial Sciences; Research Methodology; Qualitative Research | ||
| 906 |
_a0 _bibc _corignew _d2 _eepcn _f20 _gy-gencatlg |
||
| 942 | _cBK | ||
| 999 |
_c43458 _d43458 |
||